Ornament and decoration in Islamic architecture

محفوظ في:

المؤلف الرئيسي: Dominique Clévenot

مؤلفون آخرون: Gérard Degeorge

التنسيق: كتاب

اللغة: Undetermined

منشور في: London  Thames & Hudson, 2000.

الموضوعات:

الوسوم: إضافة وسم

لا توجد وسوم, كن أول من يضع وسما على هذه التسجيلة!

رقم الطلب:

LEADER 00574nam a2200145Ia 4500
008 220904s9999||||xx |||||||||||||| ||und||
100 1 |a Dominique Clévenot 
245 1 0 |a Ornament and decoration in Islamic architecture  |c Dominique Clévenot, Gérard Degeorge 
264 1 |a London  |b  Thames & Hudson, 2000. 
300 |a 224 p.  |b 224 p. : ill.   |c 34cm. 
650 4 |a Decorazione architettonica -- Paesi islamici 
700 1 |a Gérard Degeorge 
942 |2 lcc  |c BK 
952 |0 0  |1 0  |2 lcc  |4 0  |7 1  |9 42774  |a ARCE  |b ARCE  |d 2022-09-04  |l 0  |p 1021402  |r 2022-09-04 00:00:00  |w 2022-09-04  |y BK 
999 |c 49447  |d 49447